Statistics for African Cities A-Z

Click here to take the quiz!

General Stats

  • This quiz has been taken 195 times
    (135 since last reset)
  • The average score is 18 of 23

Answer Stats

ClueCity% Correct
JBiggest city in South AfricaJohannesburg
97%
RCapital of MoroccoRabat
95%
FMoroccan city with 3 tanneriesFes
93%
WNamibian capitalWindhoek
92%
GCapital of BotswanaGaborone
91%
BLocated right north of KinshasaBrazzaville
89%
CBogart-Bergman movieCasablanca
88%
YCameroonian capitalYaounde
87%
VCapital of SeychellesVictoria
86%
MKenyan portMombasa
85%
KBiggest city on Lake VictoriaKampala
84%
TMalian city once a prosperous
center of trans-Saharan trade
Timbuktu
84%
AAfrican Union headquartersAddis Ababa
81%
DFormer terminus of a famous rallyDakar
80%
HFormerly called "Salisbury"Harare
76%
ZFormer sultanateZanzibar
74%
OAlgeria's second biggest cityOran
72%
LAfrica's most expensive city due
to an oil boom
Luanda
70%
PSudanese portPort Sudan
66%
IOnce Nigeria's biggest cityIbadan
65%
STunisian city that ends with XSfax
57%
EEgyptian town where Rommel's
tanks were pushed back in WWII
El Alamein
49%
NThe name of this national capital
means "Place of the Winds"
Nouakchott
49%

Score Distribution

Percentile by Number Answered

Percent of People with Each Score

Your Score History

You have not taken this quiz since the last reset